000
00203nam a22000857a 4500
008
160712b xxu||||| |||| 00| 0 eng d
100
_9
2712
_a
Egmont
245
_a
The blue lotus
260
_a
USA
_b
Macmillan
_c
2009
999
_c
2355
_d
2355